00952nam a22002537a 45000010005000000030006000050050017000110080041000280200018000690400029000870820011001161000029001272450097001562500035002532600041002883000060003294900023003895050008004125200165004205210029005855210020006146500030006347000034006644022FISKH20240531103613.0240531b cb ||||| |||| 00| 0 eng d a9781405234962 aFISKHbengcFISKHdFISKH a823.92 aAwdry ,Rev. W. eauthor  aThomas & Friends :bAlfie /cby Awdry, Rev. W. : illustrated by Robin Daves and Jerry Smith  aThis edition published in 2008 aLondon : bEgmont UK Limited ;c2007 a31 unnumbered pages : bcolor illustrations ;c15 cm .  a Thomas & Friends  aH  aThis is a story about Alfie the Excavator. Some of The Pack teased him about being small, until he proved that you can be Useful no matter what size you are ...8 a450 bLexile estimate 8 aH bRaz-Plus  aThomas the TankvFiction  aDavies , Robin eillustrator